[Event "Leisure for 1500-2200"]
[Site "SchemingMind.com"]
[Date "2019.07.15"]
[Round "-"]
[White "mochiron"]
[Black "Phillip Beckett"]
[Result "0-1"]
[WhiteCountry "JPN"]
[BlackCountry "ENG"]
[WhiteElo "1524"]
[WhiteRD "89"]
[BlackElo "1533"]
[BlackRD "50"]
[GameID "443451"]

1. a3 d5 2. h3 e5 3. e3 Nc6 4. Bb5 Nf6 5. Nf3 Bd6 6. d3 Bd7 7. Bxc6 Bxc6 8. e4 dxe4 9. dxe4 O-O 10. O-O Nxe4
11. Nbd2 Nxd2 12. Bxd2 Qf6 13. Nh2 e4 14. c3 Qe5 15. g3 Qd5 16. Be3 Qxd1 17. Raxd1 b6 18. b4 Be5 19. Ng4 Bd6 20. c4 Rfe8
21. c5 Ba4 22. Rxd6 cxd6 23. cxd6 Rad8 24. h4 Rxd6 25. h5 Rd1 26. Rxd1 Bxd1 27. Nh2 Bf3 28. Nxf3 exf3 29. g4 Rd8 30. Kh2 Rd3
31. Kg3 Rxa3 32. Kxf3 a5 33. bxa5 bxa5 34. Ke4 a4 35. Bc5 Ra2 36. f4 a3 37. f5 Ra1 38. Ke3 a2 39. Bd4 Rh1 40. Kf2 a1=Q
41. Bxa1 Rxa1 42. Ke3 Ra4 43. g5 Kf8 44. Kd3 Ke7 45. Kc3 Kd6 46. h6 gxh6 47. gxh6 Kc5 48. Kb3 Rh4 49. Kc3 Rh3+ 50. Kd2 Kc4
0-1

[Event "Leisure for 1500-2200"]
[Site "SchemingMind.com"]
[Date "2019.07.15"]
[Round "-"]
[White "pmdpsp"]
[Black "mochiron"]
[Result "1-0"]
[WhiteCountry "GER"]
[BlackCountry "JPN"]
[WhiteElo "1752"]
[WhiteRD "94"]
[BlackElo "1466"]
[BlackRD "87"]
[GameID "443452"]

1. d4 f5 2. g3 Nf6 3. Bg2 d5 4. Nc3 e6 5. Nf3 Bb4 6. O-O Bxc3 7. bxc3 O-O 8. Ne5 Nbd7 9. Nd3 b6 10. a4 Ba6
11. a5 Bxd3 12. cxd3 c5 13. dxc5 Nxc5 14. c4 Ng4 15. a6 Rf6 16. Bg5 h6 17. Bxf6 Qxf6 18. h3 h5 19. hxg4 fxg4 20. cxd5 e5
21. f4 h4 22. d6 Rd8 23. fxe5 Qxe5 24. d4 Qxd6 25. dxc5 Qe7 26. Qb3+ Kh8 27. Rf7 Qxc5+ 28. Kh1 hxg3 29. Qxg3 Rd6 30. Rf8+ Kh7
31. Be4+ g6 32. Qh4+ Kg7 33. Qh8#
1-0

[Event "Leisure for 1500-2200"]
[Site "SchemingMind.com"]
[Date "2019.07.15"]
[Round "-"]
[White "Uzi Mike"]
[Black "mochiron"]
[Result "1-0"]
[WhiteCountry "USA"]
[BlackCountry "JPN"]
[WhiteElo "2312"]
[WhiteRD "88"]
[BlackElo "1496"]
[BlackRD "91"]
[GameID "443453"]

1. e4 c5 2. Nc3 Nc6 3. Bb5 a6 4. Bxc6 bxc6 5. d4 cxd4 6. Qxd4 e6 7. Nf3 Be7 8. Qxg7 Bf6 9. Qg3 Bxc3+ 10. bxc3 Nf6
11. e5 Nd5 12. Qg7 Rf8 13. Ba3 Ne7 14. Ng5 d6 15. Nxh7 Rg8 16. Nf6#
1-0

[Event "Leisure for 1500-2200"]
[Site "SchemingMind.com"]
[Date "2019.07.15"]
[Round "-"]
[White "mochiron"]
[Black "JAHI"]
[Result "0-1"]
[WhiteCountry "JPN"]
[BlackCountry "INT"]
[WhiteElo "1524"]
[WhiteRD "89"]
[BlackElo "1891"]
[BlackRD "68"]
[GameID "443454"]

1. f4 d6 2. Nf3 Bg4 3. h3 Bxf3 4. exf3 e6 5. d4 d5 6. Nc3 Bb4 7. Bd2 Bxc3 8. Bxc3 Ne7 9. Bb5+ c6 10. Be2 a6
11. O-O h6 12. Bd3 h5 13. Qe1 h4 14. a3 a5 15. b4 a4 16. f5 Qd6 17. fxe6 fxe6 18. b5 Nd7 19. bxc6 Nxc6 20. Bg6+ Kd8
21. Qe2 e5 22. dxe5 Qxg6 23. e6 d4 24. exd7 dxc3 25. Rad1 Kc7 26. Rf2 Rhd8 27. f4 Rxd7 28. Rxd7+ Kxd7 29. Qd1+ Kc7 30. f5 Qf6
31. Qc1 b6 32. Qf4+ Kb7 33. Re2 Rd8 34. Re6 Qf8 35. Qxa4 Rd1+ 36. Kh2 Qb8+ 37. g3 Qxg3#
0-1

[Event "Leisure for 1500-2200"]
[Site "SchemingMind.com"]
[Date "2019.07.15"]
[Round "-"]
[White "Mihir Chandrashekhar"]
[Black "mochiron"]
[Result "0-1"]
[WhiteCountry "IND"]
[BlackCountry "JPN"]
[WhiteElo "1801"]
[WhiteRD "52"]
[BlackElo "1496"]
[BlackRD "91"]
[GameID "443455"]

1. e4 c6 2. d4 d5 3. Nc3 dxe4 4. Nxe4 Nf6 5. Nxf6+ exf6 6. Nf3 Bg4 7. c3 Be7 8. Bd3 O-O 9. O-O Bxf3 10. Qxf3 Nd7
11. Qh3 g6 12. Bh6 Re8 13. Rfe1 Bf8 14. Bxf8 Rxf8 15. Re4 f5 16. Rh4 h5 17. Bxf5 gxf5 18. Rxh5 Qf6 19. Qg3+ Qg6 20. Rg5 Qxg5
21. Qxg5+ Kh8 22. Qxf5 Nb6 23. Qh5+ Kg7 24. Qg5+ Kh7 25. Re1 Rae8 26. Re3 Rxe3 27. fxe3 Rg8 28. Qf6 Nd7 29. Qxf7+ Rg7 30. Qh5+ Kg8
31. e4 Nf6
0-1

[Event "Leisure for 1500-2200"]
[Site "SchemingMind.com"]
[Date "2019.07.15"]
[Round "-"]
[White "mochiron"]
[Black "Matthew Bailey"]
[Result "0-1"]
[WhiteCountry "JPN"]
[BlackCountry "ENG"]
[WhiteElo "1466"]
[WhiteRD "87"]
[BlackElo "2363"]
[BlackRD "63"]
[GameID "443456"]

1. f4 Nf6 2. Nf3 d5 3. e3 c5 4. Be2 g6 5. O-O Bg7 6. d4 cxd4 7. Nxd4 O-O 8. Nc3 Bd7 9. b3 Nc6 10. Nxc6 Bxc6
11. Bb5 Ne4 12. Nxe4 Bxb5 13. Re1 Bxa1 14. Ng5 Bc3 15. Bd2 Bg7 16. h4 Rc8 17. Bb4 Qb6 18. Bxe7 Rfe8 19. Ba3 Rxe3 20. Rxe3 Qxe3+
21. Kh1 Qxf4 22. Nf3 Qe4 23. Ng5 Qxh4+ 24. Nh3 Rc3 25. Qxd5 Rxh3+ 26. gxh3 Qxh3+ 27. Kg1 Bd4+ 28. Qxd4 Qg3+ 29. Kh1 Bc6+
0-1

[Event "Leisure for 1500-2200"]
[Site "SchemingMind.com"]
[Date "2019.07.15"]
[Round "-"]
[White "krzysztof"]
[Black "mochiron"]
[Result "0-1"]
[WhiteCountry "POL"]
[BlackCountry "JPN"]
[WhiteElo "1605"]
[WhiteRD "79"]
[BlackElo "1554"]
[BlackRD "91"]
[GameID "443457"]

1. e3 c5 2. b3 Nc6 3. Bb2 d6 4. Nc3 Nf6 5. Nf3 Bg4 6. h3 Bh5 7. Be2 Bxf3 8. Bxf3 Ne5 9. d3 g6 10. e4 Nxf3+
11. Qxf3 Bg7 12. Nd5 O-O 13. h4 Nxd5 14. Bxg7 Kxg7 15. exd5 Qa5+ 16. Kf1 f5 17. Re1 Qc3 18. h5 Rh8 19. g4 Rhf8 20. g5 Rae8
21. hxg6 hxg6 22. Qe2 f4 23. f3 Rf5 24. Rg1 Re5 25. Qd1 Rxe1+ 26. Qxe1 Qxc2 27. Qa1+ Kf7 28. Qe1 Rh8 29. Qf2 Qxd3+ 30. Kg2 Qf5
31. Kf1 Qd3+ 32. Kg2 Qf5 33. Kf1 Qxd5 34. Qe2 e5 35. Qc4 Qxc4+ 36. bxc4 Rh2 37. Rg2 Rh1+ 38. Rg1 Rxg1+ 39. Kxg1 Ke6 40. Kf2 d5
41. cxd5+ Kxd5 42. Ke2 Kd4 43. Kd2 c4 44. a4 c3+ 45. Kc2 e4 46. fxe4 Kxe4 47. Kxc3 Ke3
0-1

[Event "Leisure for 1500-2200"]
[Site "SchemingMind.com"]
[Date "2019.07.15"]
[Round "-"]
[White "mochiron"]
[Black "David Perna-Fraser"]
[Result "0-1"]
[WhiteCountry "JPN"]
[BlackCountry "CAN"]
[WhiteElo "1483"]
[WhiteRD "87"]
[BlackElo "1866"]
[BlackRD "73"]
[GameID "443458"]

1. b4 e5 2. Bb2 Bxb4 3. Bxe5 Nf6 4. Nc3 O-O 5. Rb1 Bxc3 6. dxc3 d6 7. Bxf6 Qxf6 8. Qd3 Bf5 9. e4 Re8 10. f3 b6
11. Kd2 Bd7 12. Ne2 Nc6 13. Nd4 Ne5 14. Qe3 d5 15. Bd3 dxe4 16. Bxe4 Nc4+
0-1

[Event "Leisure for 1500-2200"]
[Site "SchemingMind.com"]
[Date "2019.07.18"]
[Round "-"]
[White "mochiron"]
[Black "David Connolly"]
[Result "0-1"]
[WhiteCountry "JPN"]
[BlackCountry "WLS"]
[WhiteElo "1483"]
[WhiteRD "87"]
[BlackElo "2072"]
[BlackRD "81"]
[GameID "443579"]

1. f4 b6 2. Nf3 Bb7 3. e3 g6 4. Be2 Bg7 5. O-O d5 6. d4 c5 7. Nc3 Nd7 8. Ne5 Ngf6 9. Nxd7 Qxd7 10. Bd2 O-O
11. dxc5 bxc5 12. Bb5 Qe6 13. Be2 Rfd8 14. Nb5 Rd7 15. e4 dxe4 16. b3 e3 17. Bc4 Qe4 18. Nc3 Qxg2#
0-1

[Event "Leisure for 1500-2200"]
[Site "SchemingMind.com"]
[Date "2019.07.14"]
[Round "-"]
[White "David Connolly"]
[Black "Uzi Mike"]
[Result "0-1"]
[WhiteCountry "WLS"]
[BlackCountry "USA"]
[WhiteElo "2019"]
[WhiteRD "78"]
[BlackElo "2286"]
[BlackRD "88"]
[GameID "443580"]

1. d4 Nf6 2. c4 e6 3. Nc3 Bb4 4. Qc2 d5 5. a3 Bxc3+ 6. Qxc3 Ne4 7. Qc2 e5 8. e3 exd4 9. cxd5 Qxd5 10. Nf3 Nd6
11. Nxd4 O-O 12. Qxc7 Bd7 13. Bd2 a5 14. f3 Rc8 15. Qb6 Ba4 16. e4 Re8 17. Kf2 Qe5 18. Nf5 Nxf5 19. exf5 Nd7 20. f4 Qd5
0-1

[Event "Leisure for 1500-2200"]
[Site "SchemingMind.com"]
[Date "2019.07.13"]
[Round "-"]
[White "krzysztof"]
[Black "David Connolly"]
[Result "0-1"]
[WhiteCountry "POL"]
[BlackCountry "WLS"]
[WhiteElo "1600"]
[WhiteRD "78"]
[BlackElo "2019"]
[BlackRD "78"]
[GameID "443581"]

1. g3 d5 2. Bg2 c6 3. d4 Nf6 4. Bg5 Nbd7 5. Nf3 e6 6. Nc3 Be7 7. Bf4 O-O 8. h4 a6 9. h5 h6 10. Bh3 c5
11. Ne5 cxd4 12. Qxd4 Bc5 13. Qd3 Nxh5 14. Qf3 Nxf4 15. gxf4 Nxe5 16. fxe5 f6 17. O-O-O fxe5 18. Qh5 Qf6 19. f3 Be3+ 20. Kb1 Qg5
21. Qg4 Qxg4 22. Bxg4 b5 23. Rd3 Bb6 24. a3 Re8 25. Rhd1 Bb7 26. e4 d4 27. Ne2 Rac8 28. c3 dxc3 29. Nxc3 Rcd8 30. Rd7 Rxd7
31. Rxd7 Bc8 32. Rd1 Rd8 33. Rc1 Kf7 34. Rf1 Be3 35. Ne2 a5 36. f4 exf4 37. Nxf4 Bxf4 38. Rxf4+ Kg6 39. Rf2 Rd4 40. Re2 Kg5
41. Bh3 Kh4 42. Bg2 e5 43. Kc2 Kg3 44. Bh1 g5 45. Re3+ Kf2 46. Rb3 Bd7 47. Rh3 Bxh3 48. Kc3 g4 49. b4 axb4+ 50. axb4 Kg1
51. Bf3 gxf3
0-1

[Event "Leisure for 1500-2200"]
[Site "SchemingMind.com"]
[Date "2019.07.13"]
[Round "-"]
[White "David Connolly"]
[Black "David Perna-Fraser"]
[Result "0-1"]
[WhiteCountry "WLS"]
[BlackCountry "CAN"]
[WhiteElo "2090"]
[WhiteRD "75"]
[BlackElo "1957"]
[BlackRD "71"]
[GameID "443582"]

1. d4 Nf6 2. c4 e6 3. Nc3 Bb4 4. Qc2 b6 5. e4 Bb7 6. Bd3 O-O 7. Nf3 c5 8. e5 Bxf3 9. exf6 cxd4 10. Bxh7+ Kh8
11. fxg7+ Kxg7 12. gxf3 f5 13. Qd2 Qh4
0-1

[Event "Leisure for 1500-2200"]
[Site "SchemingMind.com"]
[Date "2019.07.18"]
[Round "-"]
[White "JAHI"]
[Black "David Connolly"]
[Result "1-0"]
[WhiteCountry "INT"]
[BlackCountry "WLS"]
[WhiteElo "1891"]
[WhiteRD "68"]
[BlackElo "1994"]
[BlackRD "88"]
[GameID "443583"]

1. c3 Nf6 2. d3 d5 3. Bg5 c5 4. Bxf6 gxf6 5. g3 Nc6 6. Bg2 Bf5 7. h3 e6 8. h4 Bd6 9. Nh3 Qc7 10. Kf1 Rg8
11. Qe1 O-O-O 12. a3 Kb8 13. a4 Ne5 14. a5 Rg4 15. a6 Nxd3 16. exd3 Bxd3+ 17. Kg1 Bxa6 18. h5 f5 19. h6 f4 20. gxf4 Rdg8
21. Rh2 Bxf4 22. Nxf4 Qxf4 23. Rxa6 bxa6 24. Qf1 Kb7 25. Na3 R8g6 26. c4 Kb6 27. cxd5
1-0

[Event "Leisure for 1500-2200"]
[Site "SchemingMind.com"]
[Date "2019.07.14"]
[Round "-"]
[White "David Connolly"]
[Black "Phillip Beckett"]
[Result "1-0"]
[WhiteCountry "WLS"]
[BlackCountry "ENG"]
[WhiteElo "2090"]
[WhiteRD "75"]
[BlackElo "1476"]
[BlackRD "49"]
[GameID "443584"]

1. d4 d5 2. c4 e6 3. Nc3 Nf6 4. cxd5 Nxd5 5. e4 Nxc3 6. bxc3 c5 7. Nf3 cxd4 8. cxd4 Bb4+ 9. Bd2 Qa5 10. Rb1 Bxd2+
11. Qxd2 Qxd2+ 12. Kxd2 Nc6 13. Bd3 b6 14. Rhc1 Bb7 15. Bb5 Rc8 16. d5 exd5 17. exd5 Rd8 18. Bxc6+ Bxc6 19. Rxc6 Rxd5+ 20. Kc3 Kd7
21. Rc4 Re8 22. Rb2 Rd6 23. Kb3 Rde6 24. Rbc2 Ke7 25. Rc7+ Kf8 26. Rxa7 b5 27. Rb7 b4 28. Rxb4
1-0

[Event "Leisure for 1500-2200"]
[Site "SchemingMind.com"]
[Date "2019.07.13"]
[Round "-"]
[White "pmdpsp"]
[Black "David Connolly"]
[Result "1/2-1/2"]
[WhiteCountry "GER"]
[BlackCountry "WLS"]
[WhiteElo "1751"]
[WhiteRD "95"]
[BlackElo "2071"]
[BlackRD "77"]
[GameID "443585"]

1. d4 Nf6 2. c4 e6 3. Nc3 Bb4 4. e3 c5 5. a3 Bxc3+ 6. bxc3 b6 7. Nf3 Bb7 8. Be2 O-O 9. O-O Nc6 10. d5 Na5
11. d6 Ne4 12. Qd3 b5 13. Nd2 bxc4 14. Nxc4 Nxc4 15. Qxc4 Bd5 16. Qa6 Nxc3 17. Bc4 Qb6 18. Qxb6 axb6 19. Bxd5 exd5 20. Bb2 Nb5
21. Be5 Nxa3 22. Rfd1 Nc2 23. Rab1 f6 24. Bb2 d4 25. exd4 Nxd4 26. Bxd4 cxd4 27. Rxd4 Rfb8 28. Rdb4 Ra5 29. f3 Kf7 30. Kf2 Rd5
31. Rxb6 Rxb6 32. Rxb6 Ke6 33. Rb8 Kxd6 34. Rg8 Rd2+ 35. Kg3 g5 36. h4 h6 37. Rg6 Ke5 38. Rxh6 gxh4+ 39. Rxh4 f5 40. Kh3 Rd3
41. Ra4 d5 42. Kg3 Rd4 43. Rxd4 Kxd4 44. Kf4 Kc3 45. g4 fxg4 46. fxg4 d4 47. g5 d3 48. g6 d2 49. g7 d1=Q 50. g8=Q Qf1+=
1/2-1/2

[Event "Leisure for 1500-2200"]
[Site "SchemingMind.com"]
[Date "2019.07.13"]
[Round "-"]
[White "Mihir Chandrashekhar"]
[Black "David Connolly"]
[Result "1/2-1/2"]
[WhiteCountry "IND"]
[BlackCountry "WLS"]
[WhiteElo "1997"]
[WhiteRD "54"]
[BlackElo "2071"]
[BlackRD "77"]
[GameID "443586"]

1. d4 Nf6 2. c4 c5 3. d5 b5 4. cxb5 a6 5. bxa6 g6 6. Nc3 Bxa6 7. e4 Bxf1 8. Kxf1 d6 9. Nf3 Bg7 10. g3 Nbd7
11. Kg2 O-O 12. a4 Ra6 13. Qc2 Qa8 14. Nb5 Rc8 15. Bd2 c4 16. Bb4 Nc5 17. Bxc5 Rxc5 18. Ra3 Nd7 19. Nfd4 Nb6 20. Rha1 h5
21. Nc6 Rxc6 22. dxc6 Qxc6 23. Rd1 d5 24. exd5 Nxd5 25. Kg1 Nb4 26. Qe2 Nd3 27. Qxe7 Qf3 28. Qd8+ Kh7 29. Rdxd3 cxd3 30. Qxd3 Qxd3
31. Rxd3 Bxb2 32. Rb3 Bc1 33. Rb1 Bg5 34. Ra1=
1/2-1/2

[Event "Leisure for 1500-2200"]
[Site "SchemingMind.com"]
[Date "2019.07.13"]
[Round "-"]
[White "David Connolly"]
[Black "Matthew Bailey"]
[Result "0-1"]
[WhiteCountry "WLS"]
[BlackCountry "ENG"]
[WhiteElo "2090"]
[WhiteRD "75"]
[BlackElo "2232"]
[BlackRD "65"]
[GameID "443587"]

1. d4 d5 2. c4 e5 3. dxe5 d4 4. Nf3 Nc6 5. g3 Nge7 6. Bg2 Ng6 7. O-O Ngxe5 8. Nxe5 Nxe5 9. b3 Bc5 10. Nd2 O-O
11. Ne4 Bb4 12. Bb2 f5 13. Nd2 Bc3 14. Bxc3 dxc3 15. Nf3 Nxf3+ 16. Bxf3 c6 17. Qxd8 Rxd8 18. Rfd1 Be6 19. Rd3 Rxd3 20. exd3 Rd8
21. Be2 b5 22. a3 a5 23. b4 axb4 24. axb4 c5 25. bxc5 b4 26. Bd1 Rxd3 27. Bb3 Rd2 28. Rc1 Kf7 29. Kg2 Rb2 30. Ba4 Bxc4
0-1

[Event "Leisure for 1500-2200"]
[Site "SchemingMind.com"]
[Date "2019.07.20"]
[Round "-"]
[White "buddhastalin"]
[Black "mochiron"]
[Result "1-0"]
[WhiteCountry "USA"]
[BlackCountry "JPN"]
[WhiteElo "1709"]
[WhiteRD "75"]
[BlackElo "1546"]
[BlackRD "93"]
[GameID "443620"]

1. e4 c5 2. Nf3 Nc6 3. Bb5 a6 4. Bxc6 dxc6 5. O-O e6 6. d3 Nf6 7. Nbd2 Be7 8. c3 O-O 9. Re1 Ng4 10. h3 h5
11. hxg4 hxg4 12. Nh2 Bd6 13. Nxg4 e5 14. Ne3 Qg5 15. Qf3 f5 16. exf5 Bxf5 17. Nxf5 Rxf5 18. Qh3 Kf7 19. Ne4 Qe7 20. Qxf5+ Kg8
21. Nxd6 Qxd6 22. Rxe5 Rf8 23. Qe6+ Qxe6 24. Rxe6 a5 25. Bg5 b5 26. Rae1 b4 27. Rxc6 bxc3 28. bxc3 c4 29. dxc4 Ra8 30. Rc7 Kh7
31. Ree7 Rg8 32. Bf6 Kg6 33. Rxg7+ Rxg7 34. Bxg7
1-0

[Event "Leisure for 1500-2200"]
[Site "SchemingMind.com"]
[Date "2019.07.20"]
[Round "-"]
[White "Uzi Mike"]
[Black "buddhastalin"]
[Result "1-0"]
[WhiteCountry "USA"]
[BlackCountry "USA"]
[WhiteElo "2322"]
[WhiteRD "89"]
[BlackElo "1702"]
[BlackRD "71"]
[GameID "443621"]

1. d4 Nf6 2. c4 e6 3. Nf3 b6 4. Bg5 Bb4+ 5. Nc3 Bb7 6. e3 O-O 7. Bd3 d5 8. cxd5 exd5 9. Qb3 Be7 10. O-O c6
11. Bxf6 Bxf6 12. Rfe1 Nd7 13. Qc2 h6 14. Rad1 c5 15. Bh7+ Kh8 16. Bf5 Qc7 17. dxc5 bxc5 18. Nxd5 Bxd5 19. Rxd5 Ne5 20. Nd2 Rfd8
21. Rxc5 Qb6 22. Rc1 Rab8 23. b3 Nd7 24. Rc7
1-0

[Event "Leisure for 1500-2200"]
[Site "SchemingMind.com"]
[Date "2019.07.15"]
[Round "-"]
[White "Phillip Beckett"]
[Black "buddhastalin"]
[Result "1/2-1/2"]
[WhiteCountry "ENG"]
[BlackCountry "USA"]
[WhiteElo "1497"]
[WhiteRD "51"]
[BlackElo "1727"]
[BlackRD "88"]
[GameID "443622"]

1. d4 Nf6 2. c4 e6 3. Nc3 Bb4 4. f3 Bxc3+ 5. bxc3 c5 6. e4 b6 7. Be3 cxd4 8. cxd4 d6 9. d5 Bb7 10. dxe6 fxe6
11. Ne2 Nc6 12. Nd4 Nxd4 13. Bxd4 O-O 14. Bd3 Qc7 15. Qd2 Rad8 16. O-O Nd7 17. Qc3 Nc5 18. Bxc5 bxc5 19. Rfe1 d5 20. exd5 exd5
21. cxd5 Bxd5 22. Bc4 Bxc4 23. Qxc4+ Kh8 24. Rac1 Rc8 25. Qe6 Qb6 26. Rb1 Qxe6 27. Rxe6 Rc7 28. Rc1 Rfc8 29. Kf2 Kg8 30. Rce1 Kf7
31. R6e3 c4 32. Rc3 Kf6 33. Re4 Kf7=
1/2-1/2

[Event "Leisure for 1500-2200"]
[Site "SchemingMind.com"]
[Date "2019.07.15"]
[Round "-"]
[White "buddhastalin"]
[Black "pmdpsp"]
[Result "1-0"]
[WhiteCountry "USA"]
[BlackCountry "GER"]
[WhiteElo "1727"]
[WhiteRD "88"]
[BlackElo "1745"]
[BlackRD "95"]
[GameID "443623"]

1. e4 e5 2. Nf3 Nc6 3. Bb5 d6 4. O-O f5 5. d3 h6 6. Nc3 Nf6 7. Re1 f4 8. d4 Bd7 9. d5 Ne7 10. Bxd7+ Qxd7
11. Bd2 g5 12. Kh1 Qg4 13. Nb5 Kd7 14. c4 Qh5 15. Qa4 Kc8 16. b4 Qg6 17. c5 Nxe4 18. cxd6 Nxd5 19. dxc7 Rh7 20. Nxe5 Nxf2+
21. Kg1 Qb6 22. Nxa7+ Kxc7 23. Rac1+ Kd8 24. Nf7+ Rxf7 25. Re8#
1-0

[Event "Leisure for 1500-2200"]
[Site "SchemingMind.com"]
[Date "2019.07.15"]
[Round "-"]
[White "David Connolly"]
[Black "buddhastalin"]
[Result "1-0"]
[WhiteCountry "WLS"]
[BlackCountry "USA"]
[WhiteElo "2019"]
[WhiteRD "78"]
[BlackElo "1692"]
[BlackRD "88"]
[GameID "443624"]

1. d4 Nf6 2. c4 e6 3. Nf3 b6 4. g3 Bb7 5. Bg2 Bb4+ 6. Bd2 Bxd2+ 7. Qxd2 O-O 8. O-O d6 9. Nc3 Nbd7 10. Qc2 c5
11. Rad1 Rc8 12. d5 exd5 13. cxd5 Re8 14. e4 Qe7 15. Rfe1 Ne5 16. Nxe5 Qxe5 17. f4 Qh5 18. Nb5 Rcd8 19. Nxa7 Ng4 20. h3 Nf6
21. Nc6 Bxc6 22. dxc6 Rc8 23. Rxd6
1-0

[Event "Leisure for 1500-2200"]
[Site "SchemingMind.com"]
[Date "2019.07.15"]
[Round "-"]
[White "buddhastalin"]
[Black "Mihir Chandrashekhar"]
[Result "1-0"]
[WhiteCountry "USA"]
[BlackCountry "IND"]
[WhiteElo "1704"]
[WhiteRD "83"]
[BlackElo "1820"]
[BlackRD "58"]
[GameID "443625"]

1. e4 c5 2. Nf3 Nc6 3. Bb5 d6 4. O-O Bd7 5. c3 a6 6. Ba4 Nf6 7. Bc2 Bg4 8. d3 e6 9. Nbd2 b5 10. h3 Bh5
11. Re1 Be7 12. Nf1 Qc7 13. Ng3 Bg6 14. Be3 O-O 15. Nh4 d5 16. Nxg6 hxg6 17. f4 d4 18. Bc1 dxc3 19. bxc3 b4 20. Ne2 Kh7
21. Bb2 e5 22. Qd2 exf4 23. Nxf4 Bd6 24. Rf1 Rad8 25. Rac1 g5 26. Nd5 Bh2+ 27. Kh1 Nh5 28. Nxc7
1-0

[Event "Leisure for 1500-2200"]
[Site "SchemingMind.com"]
[Date "2019.07.16"]
[Round "-"]
[White "Matthew Bailey"]
[Black "buddhastalin"]
[Result "1-0"]
[WhiteCountry "ENG"]
[BlackCountry "USA"]
[WhiteElo "2303"]
[WhiteRD "62"]
[BlackElo "1727"]
[BlackRD "88"]
[GameID "443626"]

1. e4 e5 2. Nf3 Nc6 3. Bb5 a6 4. Ba4 Nf6 5. d3 Be7 6. Bxc6 dxc6 7. Nxe5 O-O 8. O-O Nd7 9. Nf3 Re8 10. Be3 Nf6
11. h3 Be6 12. Nbd2 h6 13. Nd4 Bd7 14. N4b3 a5 15. a4 Be6 16. Qe1 Qd7 17. f4 Bxb3 18. Nxb3 b5 19. axb5 cxb5 20. Rxa5 Rxa5
21. Qxa5 c6 22. Ra1 Rd8 23. Qc3 b4 24. Qc4 Qb7 25. Ra7
1-0

[Event "Leisure for 1500-2200"]
[Site "SchemingMind.com"]
[Date "2019.07.15"]
[Round "-"]
[White "buddhastalin"]
[Black "krzysztof"]
[Result "1-0"]
[WhiteCountry "USA"]
[BlackCountry "POL"]
[WhiteElo "1741"]
[WhiteRD "89"]
[BlackElo "1555"]
[BlackRD "72"]
[GameID "443627"]

1. e4 e5 2. Nf3 Nc6 3. Bb5 f6 4. d4 a6 5. Ba4 b5 6. Bb3 Na5 7. Bxg8 Rxg8 8. Bd2 c6 9. O-O Bb7 10. dxe5 c5
11. exf6 gxf6 12. Nc3 Nc4 13. e5 f5 14. Ng5 h6 15. Qh5+ Ke7 16. Qf7#
1-0

[Event "Leisure for 1500-2200"]
[Site "SchemingMind.com"]
[Date "2019.07.20"]
[Round "-"]
[White "David Perna-Fraser"]
[Black "buddhastalin"]
[Result "1-0"]
[WhiteCountry "CAN"]
[BlackCountry "USA"]
[WhiteElo "1876"]
[WhiteRD "71"]
[BlackElo "1692"]
[BlackRD "88"]
[GameID "443628"]

1. e4 c5 2. Nf3 g6 3. d4 cxd4 4. Nxd4 Nc6 5. Be3 Bg7 6. c3 Nf6 7. Qc2 O-O 8. f3 d5 9. exd5 Nxd5 10. Bf2 Bd7
11. Nxc6 bxc6 12. Be2 Bf5 13. Qd2 e6 14. O-O Qc7 15. Na3 Rfd8 16. Qc1 e5 17. Nc4 Nf4 18. Qe1 Nd3 19. Bxd3 Bxd3 20. Ne3 Bxf1
21. Qxf1 Rd2 22. Nc4 Rb8 23. Nxd2 Rxb2 24. Nc4 Rc2 25. Qe1 e4 26. Qxe4
1-0

[Event "Leisure for 1500-2200"]
[Site "SchemingMind.com"]
[Date "2019.07.20"]
[Round "-"]
[White "buddhastalin"]
[Black "JAHI"]
[Result "1-0"]
[WhiteCountry "USA"]
[BlackCountry "INT"]
[WhiteElo "1704"]
[WhiteRD "83"]
[BlackElo "1891"]
[BlackRD "68"]
[GameID "443629"]

1. e4 d6 2. d4 d5 3. e5 f6 4. f4 c6 5. c4 a6 6. Nf3 Bg4 7. Nc3 e6 8. Be3 Bb4 9. Be2 Bxf3 10. Bxf3 a5
11. a3 Bxc3+ 12. bxc3 Na6 13. O-O fxe5 14. fxe5 Ne7 15. Bh5+ g6 16. Bg4 Nf5 17. Qf3 h6 18. Rab1 Qd7 19. cxd5 cxd5 20. Bxf5 exf5
21. Rb6 Rc8 22. Rxg6 Rxc3 23. Qh5 Kd8 24. Rd6 Qxd6 25. exd6 Rxe3 26. Qxf5 Rhe8 27. Qxd5 Rxa3 28. Qxb7 Rd3 29. Qxa6 Re4 30. Qxd3 Rf4
31. Rxf4 Kd7 32. Qb5+ Ke6 33. Qe5+ Kd7 34. d5 a4 35. Qe7+ Kc8 36. Qc7#
1-0